00657nam a2200205 450000500170000002000340001704000330005108200160008410000190010024500850011926000580020430000290026250400350029154600090032665000230033565000210035865000370037970000170041670000180043320251008060716.0 a9781903500057 cTzs 147,000/= aMCCLbeng.eAACR 2nd rev.ed. a658.785 CAR a Carter, R. J. a Stores and distribution management.c/ R. J. Carter, P.M. Price and S.A. Emmett a[ London ]: bLiverpool Business Publishing, cc2005. aii, 357p.:bill.;c24cm. aIncludes references and index  aeng. aBusiness logistics aStock evaluation aPhysical distribution management dPrice, P. M. dEmmett, S.A.